Top 250 Sci-Fi Films (IMDB) - Statistics

General Stats
  • This quiz has been taken 496 times
    94 since last reset
  • The average score is 65 of 275
Answer Stats
Film Year IMDB % Correct
I 2015 7.4
99%
Interstellar 2014 8.7
92%
Alien 1979 8.5
89%
The Terminator 1984 8.1
85%
Terminator 2: Judgment Day 1991 8.6
84%
Aliens 1986 8.4
83%
Inception 2010 8.8
83%
2001: A Space Odyssey 1968 8.3
81%
Blade Runner 1982 8.1
81%
E.T. the Extra-Terrestrial 1982 7.9
80%
Predator 1987 7.8
76%
Star Trek 2009 7.9
76%
The Avengers 2012 8.0
73%
Iron Man 2008 7.9
72%
Jurassic Park 1993 8.2
72%
The Martian 2015 8.0
72%
Avengers: Endgame 2019 8.4
71%
Superman 1978 7.4
69%
Avengers: Infinity War 2018 8.4
68%
Guardians of the Galaxy 2014 8.0
68%
Dune 2021 8.0
67%
Spider-Man 2002 7.4
67%
Star Wars: Episode VI - Return of the Jedi 1983 8.3
67%
Star Wars: Episode V - The Empire Strikes Back 1980 8.7
65%
Dune: Part Two 2024 8.4
64%
Star Trek II: The Wrath of Khan 1982 7.7
64%
Close Encounters of the Third Kind 1977 7.6
63%
Star Wars: Episode IV - A New Hope 1977 8.6
61%
Avengers: Age of Ultron 2015 7.3
60%
The Thing 1982 8.2
60%
Logan 2017 8.1
59%
Guardians of the Galaxy Vol. 2 2017 7.6
57%
Metropolis 1927 8.2
57%
Planet of the Apes 1968 8.0
57%
Rise of the Planet of the Apes 2011 7.6
57%
Spider-Man 2 2004 7.5
57%
Arrival 2016 7.9
56%
Blade Runner 2049 2017 8.0
56%
Guardians of the Galaxy Vol. 3 2023 7.9
56%
King Kong 1933 7.9
56%
X-Men 2000 7.3
56%
RoboCop 1987 7.6
55%
Star Trek IV: The Voyage Home 1986 7.3
55%
Godzilla 1954 7.6
53%
Gravity 2013 7.7
53%
A Clockwork Orange 1971 8.2
52%
Deadpool 2016 8.0
52%
Starship Troopers 1997 7.3
52%
Minority Report 2002 7.6
51%
The Fly 1986 7.6
51%
Contact 1997 7.5
49%
Deadpool 2 2018 7.6
49%
Men in Black 1997 7.3
49%
Spider-Man: No Way Home 2021 8.1
49%
Doctor Strange 2016 7.5
48%
Edge of Tomorrow 2014 7.9
48%
Solaris 1972 7.9
48%
Spider-Man: Homecoming 2017 7.4
48%
Captain America: Civil War 2016 7.8
47%
Ex Machina 2014 7.7
47%
Thor: Ragnarok 2017 7.9
47%
Brazil 1985 7.8
45%
Captain America: The Winter Soldier 2014 7.7
45%
Frankenstein 1931 7.7
45%
Frankenstein 2025 7.5
45%
Her 2013 8.0
45%
Avatar 2009 7.9
44%
Deadpool & Wolverine 2024 7.5
44%
Ghostbusters 1984 7.8
44%
Invasion of the Body Snatchers 1956 7.7
44%
Invasion of the Body Snatchers 1978 7.4
44%
Star Wars: Episode III - Revenge of the Sith 2005 7.6
44%
The Prestige 2006 8.5
44%
Children of Men 2006 7.9
43%
District 9 2009 7.9
43%
Ghost in the Shell 1995 7.9
43%
Looper 2012 7.4
43%
The Abyss 1989 7.5
43%
Akira 1988 8.0
41%
Gattaca 1997 7.7
41%
The Matrix 1999 8.7
41%
X2: X-Men United 2003 7.4
41%
Back to the Future 1985 8.5
40%
Spider-Man: Across the Spider-Verse 2023 8.5
40%
Tenet 2020 7.3
40%
The Day the Earth Stood Still 1951 7.7
40%
The Iron Giant 1999 8.1
40%
X-Men: Days of Future Past 2014 7.9
40%
12 Monkeys 1995 8.0
39%
Rogue One: A Star Wars Story 2016 7.8
39%
Star Wars: Episode VII - The Force Awakens 2015 7.8
39%
The Fifth Element 1997 7.6
39%
28 Days Later... 2002 7.5
37%
A Quiet Place 2018 7.5
36%
Big Hero 6 2014 7.8
36%
Dawn of the Planet of the Apes 2014 7.6
36%
Everything Everywhere All at Once 2022 7.7
35%
War for the Planet of the Apes 2017 7.4
35%
X-Men: First Class 2011 7.7
35%
Mad Max 2: The Road Warrior 1981 7.6
33%
Mad Max: Fury Road 2015 8.1
33%
Back to the Future Part II 1989 7.8
32%
Godzilla Minus One 2023 7.7
32%
Moon 2009 7.8
32%
Serenity 2005 7.8
32%
The Bride of Frankenstein 1935 7.8
31%
Back to the Future Part III 1990 7.5
29%
Dark City 1998 7.5
29%
Equilibrium 2002 7.3
29%
V for Vendetta 2005 8.1
29%
Watchmen 2009 7.6
29%
Black Panther 2018 7.3
28%
Neon Genesis Evangelion: The End of Evangelion 1997 8.1
28%
The Invisible Man 1933 7.6
28%
Totall Recall 1990 7.5
28%
Transformers One 2024 7.6
28%
Cowboy Bebop: The Movie 2002 7.8
27%
Gremlins 1984 7.3
27%
Paprika 2006 7.7
27%
Unbreakable 2000 7.3
25%
Avatar: The Way of Water 2022 7.5
24%
Furiosa: A Mad Max Saga 2024 7.5
24%
Star Trek Into Darkness 2013 7.7
24%
Battle Royale 2000 7.5
23%
Forbidden Planet 1956 7.5
23%
Upgrade 2018 7.5
21%
Pi 1998 7.3
20%
Star Trek: First Contact 1996 7.6
19%
Alita: Battle Angel 2019 7.3
17%
Stalker 1979 8.0
16%
Avatar: Fire and Ash 2025 7.4
15%
Eternal Sunshine of the Spotless Mind 2004 8.3
15%
Galaxy Quest 1999 7.4
13%
The Truman Show 1998 8.2
13%
Ready Player One 2018 7.4
11%
Run Lola Run 1998 7.6
11%
The Hunger Games: Catching Fire 2013 7.5
11%
Donnie Darko 2001 8.0
9%
Justice League: Doom 2012 7.4
9%
The Time Machine 1960 7.5
9%
Cloud Atlas 2012 7.3
8%
Fantastic Planet 1973 7.6
8%
Predestination 2014 7.4
8%
Get Out 2017 7.8
7%
Young Frankenstein 1974 8.0
7%
2046 2004 7.4
5%
Face/Off 1997 7.3
5%
Mr. Nobody 2009 7.7
5%
Night of the Living Dead 1968 7.8
5%
Predator: Badlands 2025 7.3
5%
Source Code 2011 7.5
4%
The Cabinet of Dr. Caligari 1920 8.0
4%
Bugonia 2025 7.4
3%
Dr. Jekyll and Mr. Hyde 1931 7.6
3%
Eyes Without a Face 1960 7.6
3%
Hereditary 2018 7.3
3%
Limitless 2011 7.4
3%
The LEGO Movie 2014 7.7
3%
The Man from Earth 2007 7.8
3%
The Mitchells vs. the Machines 2021 7.6
3%
The Rocky Horror Picture Show 1975 7.4
3%
The Wild Robot 2024 8.2
3%
Wreck-It Ralph 2012 7.7
3%
28 Years Later: The Bone Temple 2026 7.8
1%
Arco 2025 7.5
1%
Battlestar Galactica: Razor 2007 7.6
1%
Despicable Me 2010 7.6
1%
Despicable Me 2 2013 7.3
1%
Frequency 2000 7.4
1%
Ghost in the Shell 2: Innocence 2004 7.4
1%
G.O.R.A. 2004 8.0
1%
Hugo 2011 7.5
1%
I Origins 2014 7.3
1%
Lilo & Stitch 2002 7.4
1%
Mars Express 2023 7.5
1%
Nausicaä of the Valley of the Wind 1984 8.0
1%
Seconds 1966 7.6
1%
Sexmission 1984 7.5
1%
Steins;Gate: The Movie - Load Region of Déjà Vu 2013 7.8
1%
The Animatrix 2003 7.3
1%
The Butterfly Effect 2004 7.6
1%
The Face of Another 1966 7.8
1%
The Incredible Shrinking Man 1957 7.6
1%
The Little Prince 2015 7.6
1%
The Return of the Living Dead 1985 7.3
1%
Village of the Damned 1960 7.3
1%
24 2016 7.9
0%
Abbott and Costello Meet Frankenstein 1948 7.3
0%
About Time 2013 7.8
0%
Aditya 369 1991 8.4
0%
Android Kunjappan Ver 5.25 2019 8.0
0%
April and the Extraordinary World 2015 7.3
0%
A.R.O.G. 2008 7.4
0%
August in the Water 1995 7.3
0%
Babylon 5: In the Beginning 1998 7.7
0%
Bacurau 2019 7.3
0%
Cat City 1986 8.3
0%
Code Geass: Lelouch of the Re;Surrection 2019 7.3
0%
Dasavathaaram 2008 7.3
0%
Das Millionenspiel 1970 7.6
0%
Dead Man's Letters 1986 7.6
0%
Delicatessen 1991 7.5
0%
Dexter's Laboratory: Ego Trip 1999 7.4
0%
Doraemon: Nobita and the New Steel Troops: ~Winged Angels~ 2011 8.1
0%
Doraemon: Nobita and the Steel Troops 1986 7.7
0%
Doraemon: Nobita's Dinosaur 1980 7.3
0%
Doraemon: Nobita's Dorabian Nights 1991 7.4
0%
Doraemon: Nobita's Three Visionary Swordsmen 1994 7.4
0%
Dragon Ball Z: Broly - The Legendary Super Saiyan 1993 7.4
0%
Dragon Ball Z: Wrath of the Dragon 1995 7.4
0%
Dr. Mabuse, the Gambler 1922 7.8
0%
Evangelion: 1.0 You Are (Not) Alone 2007 7.5
0%
Evangelion: 2.0 You Can (Not) Advance 2009 7.9
0%
Evangelion: 3.0+1.01 Thrice Upon a Time 2021 8.0
0%
Fullmetal Alchemist the Movie: Conqueror of Shamballa 2005 7.3
0%
Futurama: Bender's Big Score 2007 7.6
0%
Galaxy Express 999 1979 7.4
0%
Girls und Panzer der Film 2015 7.3
0%
Heart of a Dog 1988 8.5
0%
Indru Netru Naalai 2015 8.0
0%
Interstella 555: The 5tory of the 5ecret 5tar 5ystem 2003 7.8
0%
Invention for Destruction 1958 7.5
0%
Island of Lost Souls 1932 7.3
0%
Isle of Dogs 2018 7.8
0%
Ivan Vasilievich: Back to the Future 1973 8.2
0%
Justice League: The Flashpoint Paradox 2013 8.1
0%
Kin-dza-dza! 1986 7.8
0%
K-PAX 2001 7.4
0%
Legend of the Galactic Heroes: My Conquest Is the Sea of Stars 1980 7.7
0%
Macross: Do You Remember Love? 1984 7.6
0%
Man Facing Southeast 1986 7.6
0%
Matrubhoomi: A Nation Without Women 2003 7.7
0%
Memories 1995 7.5
0%
Mobile Suit Gundam III: Encounters in Space 1982 7.5
0%
Mr. India 1987 7.7
0%
Nothing Left to Do But Cry 1984 7.6
0%
Oasis 2017 7.9
0%
Open Your Eyes 1997 7.7
0%
Patema Inverted 2013 7.3
0%
Patlabor 2: The Movie 1993 7.5
0%
Phineas and Ferb the Movie: Across the 2nd Dimension 2011 7.4
0%
PK 2014 8.1
0%
Play Back 2021 7.6
0%
Predator: Killer of Killers 2025 7.4
0%
Psycho-Pass 3: First Inspector 2020 7.4
0%
Punishment Park 1971 7.7
0%
Redline 2009 7.5
0%
Robot Dreams 2023 7.6
0%
Sailor Moon R: The Movie - The Promise of the Rose 1993 7.7
0%
Sailor Moon S: The Movie - Hearts in Ice 1994 7.6
0%
Sailor Moon SuperS: The Movie - Black Dream Hole 1995 7.4
0%
Secret 2007 7.5
0%
Stand by Me Doraemon 2014 7.4
0%
Stand by Me Doraemon 2 2020 7.5
0%
Stargate: Continuum 2008 7.4
0%
Steven Universe: The Movie 2019 7.7
0%
Stewie Griffin: The Untold Story 2005 7.5
0%
Summer Wars 2009 7.4
0%
Sword Art Online the Movie: Ordinal Scale 2017 7.3
0%
Technotise: Edit & I 2009 7.3
0%
The City of Lost Children 1995 7.4
0%
The Disappearance of Haruhi Suzumiya 2010 8.0
0%
The Girl Who Leapt Through Time 2006 7.6
0%
The Hellstrom Chronicle 1971 7.3
0%
The Hourglass Sanatorium 1973 7.4
0%
The Kingdom of Diamonds 1980 8.8
0%
The Masters of Time 1982 7.3
0%
The Mystery of the Third Planet 1981 7.9
0%
The Tragedy of Man 2011 8.0
0%
Transformers Prime Beast Hunters: Predacons Rising 2013 7.5
0%
Urusei Yatsura 2: Beautiful Dreamer 1984 7.4
0%
Vampire Hunter D: Bloodlust 2000 7.7
0%
Vikram 1986 7.3
0%
WALL·E 2008 8.4
0%
Woman in the Moon 1929 7.3
0%
No matching quizzes found
Score Distribution
Percent of People with Each Score
Percentile by Number Answered
Your Score History
You have not taken this quiz since the last reset